[Event "Adelboden op 8th"]
[Site "Adelboden"]
[Date "2022.12.11"]
[Round "4"]
[White "Lenz, Boris"]
[Black "Boudkeev, Timour"]
[Result "1-0"]
[WhiteElo "1579"]
[BlackElo "1771"]
[PlyCount "99"]
[EventDate "2022.12.09"]
[EventType "swiss"]
[EventRounds "5"]
[EventCountry "SUI"]
[SourceTitle "CBM 211 Extra"]
[Source "ChessBase"]
[SourceDate "2023.01.31"]
[SourceVersion "1"]
[SourceVersionDate "2023.01.31"]
[SourceQuality "1"]

1. e4 c6 2. d4 d5 3. e5 e6 4. Nf3 c5 5. c3 Nc6 6. Bd3 cxd4 7. cxd4 Bb4+ 8. Nc3 Nge7 9. a3 Ba5 10. 0-0 0-0 11. Bxh7+ Kxh7 12. Ng5+ Kg6 13. Qg4 f5 14. exf6 Kxf6 15. Nh7+ Kf7 16. Nxf8 Kxf8 17. Re1 e5 18. Qf3+ Bf5 19. dxe5 Nd4 20. Qf4 Nc2 21. Bd2 d4 22. Ne4 Bxd2 23. Nxd2 Kg8 24. Nc4 Be6 25. Nd6 Nxa1 26. Rxa1 Qb6 27. b4 Rf8 28. Qg5 Nf5 29. Qg6 Bd7 30. Rd1 Qa6 31. Nxf5 Qxg6 32. Ne7+ Kf7 33. Nxg6 Kxg6 34. Rxd4 Be6 35. Rd6 Kf5 36. f4 Bb3 37. g3 g5 38. fxg5 Kxg5 39. Rd7 Rf7 40. Rd3 Be6 41. Kg2 Kf5 42. Re3 Rd7 43. Kf3 Bd5+ 44. Kf2 Be4 45. e6 Re7 46. Rc3 Kxe6 47. Ke3 Kf5 48. Rc5+ Kg4 49. Rc4 Kf5 50. g4+ 1-0

[Event "Locarno op 7th"]
[Site "Locarno"]
[Date "2022.04.10"]
[Round "5"]
[White "Lenz, Boris"]
[Black "Jud, Marc"]
[Result "0-1"]
[WhiteElo "1527"]
[BlackElo "1774"]
[PlyCount "46"]
[EventDate "2022.04.08"]
[EventType "swiss"]
[EventRounds "5"]
[EventCountry "SUI"]
[SourceTitle "CBM 207 Extra"]
[Source "ChessBase"]
[SourceDate "2022.05.31"]
[SourceVersion "1"]
[SourceVersionDate "2022.05.31"]
[SourceQuality "1"]

1. e4 c5 2. d4 cxd4 3. c3 d6 4. cxd4 e6 5. Nf3 Nf6 6. Nc3 Be7 7. Bb5+ Bd7 8. e5 dxe5 9. dxe5 Nd5 10. Bxd7+ Qxd7 11. Nxd5 exd5 12. 0-0 0-0 13. Qd3 Nc6 14. Rd1 Rfd8 15. Bg5 h6 16. Bxe7 Qxe7 17. Qb3 Nxe5 18. Nxe5 Qxe5 19. Qxb7 d4 20. b3 d3 21. Qf3 d2 22. g3 Rac8 23. Kf1 Qxa1 0-1

[Event "Locarno op 7th"]
[Site "Locarno"]
[Date "2022.04.09"]
[Round "2"]
[White "Lenz, Boris"]
[Black "Medici, Simone"]
[Result "0-1"]
[WhiteElo "1527"]
[BlackElo "2221"]
[PlyCount "82"]
[EventDate "2022.04.08"]
[EventType "swiss"]
[EventRounds "5"]
[EventCountry "SUI"]
[SourceTitle "CBM 207 Extra"]
[Source "ChessBase"]
[SourceDate "2022.05.31"]
[SourceVersion "1"]
[SourceVersionDate "2022.05.31"]
[SourceQuality "1"]

1. e4 e6 2. d4 d5 3. e5 c5 4. c3 Nc6 5. Nf3 Nge7 6. Na3 a6 7. Nc2 Bd7 8. Be2 Nf5 9. 0-0 Rc8 10. Ne3 cxd4 11. Nxf5 exf5 12. cxd4 Be6 13. a3 Be7 14. b4 0-0 15. Re1 b5 16. Kh1 Qb6 17. Qd3 Bxb4 18. axb4 Nxb4 19. Qb1 Nc2 20. Rd1 Nxa1 21. Qxa1 a5 22. Bd2 b4 23. Qa4 Ra8 24. Bb5 Rfb8 25. Bc6 Ra6 26. Rc1 b3 27. Bd7 b2 28. Rb1 Bxd7 29. Qxd7 a4 30. Ng5 Qb7 31. Qxf5 g6 32. Qh3 h5 33. Qa3 Rb6 34. Qxa4 Ra8 35. Qc2 Qc6 36. Qd1 Ra3 37. h4 Qc4 38. e6 fxe6 39. Be3 Qd3 40. Qxd3 Rxd3 41. Nxe6 Ra3 0-1

[Event "Schaffhausen op"]
[Site "Schaffhausen"]
[Date "2022.03.19"]
[Round "2"]
[White "Lenz, Boris"]
[Black "Rappazzo, Johannes"]
[Result "0-1"]
[WhiteElo "1474"]
[BlackElo "1810"]
[PlyCount "44"]
[EventDate "2022.03.18"]
[EventType "swiss"]
[EventRounds "5"]
[EventCountry "SUI"]
[SourceTitle "CBM 207 Extra"]
[Source "ChessBase"]
[SourceDate "2022.05.31"]
[SourceVersion "1"]
[SourceVersionDate "2022.05.31"]
[SourceQuality "1"]

1. e4 c5 2. d4 cxd4 3. c3 Nf6 4. e5 Nd5 5. cxd4 d6 6. Nf3 Nc6 7. Bc4 dxe5 8. dxe5 Ndb4 9. Qb3 e6 10. 0-0 Be7 11. Rd1 Bd7 12. Bb5 Qc7 13. Bf4 0-0 14. Nc3 a6 15. Be2 Na5 16. Rxd7 Qxd7 17. Rd1 Qc7 18. Qa3 Nd3 19. Nd5 Bxa3 20. Nxc7 Nxf4 21. Nxa8 Nxe2+ 22. Kf1 Rxa8 0-1

[Event "Adelboden op 8th"]
[Site "Adelboden"]
[Date "2021.12.11"]
[Round "2"]
[White "Lenz, Boris"]
[Black "Weber, Rene"]
[Result "1/2-1/2"]
[WhiteElo "1466"]
[BlackElo "1716"]
[PlyCount "135"]
[EventDate "2021.12.10"]
[EventType "swiss"]
[EventRounds "5"]
[EventCountry "SUI"]
[SourceTitle "CBM 205 Extra"]
[Source "ChessBase"]
[SourceDate "2022.01.31"]
[SourceVersion "1"]
[SourceVersionDate "2022.01.31"]
[SourceQuality "1"]

1. e4 c5 2. d4 cxd4 3. c3 dxc3 4. Nxc3 e6 5. Nf3 a6 6. Bc4 b5 7. Bb3 Bb7 8. Qe2 d6 9. 0-0 Nd7 10. Rd1 Ngf6 11. a3 Be7 12. Bf4 Qb6 13. Be3 Qa5 14. Bf4 0-0 15. Bxd6 Bxd6 16. Rxd6 b4 17. Na4 Nc5 18. axb4 Qxb4 19. Rb6 Qxe4 20. Qxe4 Nfxe4 21. Bc2 Nxa4 22. Rxa4 Nc5 23. Rc4 Bxf3 24. gxf3 Nd7 25. Rb7 Nf6 26. Rcc7 g6 27. Bd3 Nd5 28. Rd7 a5 29. Bb5 Rab8 30. Bc6 Rxb7 31. Rxb7 Nb4 32. Ba4 Rc8 33. Ra7 Rc1+ 34. Kg2 Rb1 35. Be8 f5 36. Rxa5 Rxb2 37. Ra8 Kg7 38. Ra7+ Kh6 39. Bb5 Nd5 40. Bc4 Rd2 41. Kg3 f4+ 42. Kg4 Nf6+ 43. Kxf4 Rd4+ 44. Ke5 Rxc4 45. Kxf6 Rf4+ 46. Kxe6 Rxf3 47. Rf7 Rh3 48. f4 Rxh2 49. Ke5 Re2+ 50. Kd4 Ra2 51. Ke3 Ra5 52. Kf3 Rf5 53. Re7 g5 54. Re6+ Kg7 55. Kg4 Rxf4+ 56. Kxg5 Rf1 57. Re7+ Kg8 58. Ra7 Rh1 59. Rb7 Kf8 60. Kf6 Ke8 61. Ke6 Kd8 62. Rb8+ Kc7 63. Rh8 Kc6 64. Re8 h5 65. Rc8+ Kb5 66. Kf5 h4 67. Kg4 h3 68. Kg3 1/2-1/2

[Event "Stein am Rhein op 11th"]
[Site "Stein am Rhein"]
[Date "2020.02.09"]
[Round "4"]
[White "Lenz, Boris"]
[Black "Wagner, Victoria"]
[Result "0-1"]
[WhiteElo "1450"]
[BlackElo "1742"]
[PlyCount "58"]
[EventDate "2020.02.07"]
[EventType "swiss"]
[EventRounds "5"]
[EventCountry "SUI"]
[SourceTitle "CBM 195 Extra"]
[Source "ChessBase"]
[SourceDate "2020.05.31"]
[SourceVersion "1"]
[SourceVersionDate "2020.05.31"]
[SourceQuality "1"]

1. e4 c5 2. d4 cxd4 3. c3 dxc3 4. Nxc3 Nc6 5. Nf3 d6 6. Bc4 a6 7. 0-0 Nf6 8. Qe2 Bg4 9. Rd1 Qc7 10. Nd5 Nxd5 11. Rxd5 Ne5 12. Rxe5 Bxf3 13. Bxf7+ Kxf7 14. Qxf3+ Ke8 15. Re6 Rc8 16. Bf4 g6 17. h4 Qc4 18. Qg4 Kf7 19. Rc1 Qxe6 20. Qxe6+ Kxe6 21. Rxc8 Bg7 22. Rc7 Bxb2 23. Rxb7 Bf6 24. g3 Rc8 25. Ra7 Rc6 26. Be3 Ke5 27. f3 Ke6 28. a4 Bc3 29. Bg5 Bd4+ 0-1